Методическая и научно-практическая работа специалистов учреждений социальной защиты по оказанию помощи нуждающимся семьям и детям в Республике Татарстан (Запись № 9586327)
[ простой вид ]
| 000 -МАРКЕР | |
|---|---|
| контрольное поле | 01884nam1a2200277 i 4500 |
| 001 - ИДЕНТИФИКАТОР ЗАПИСИ | |
| контрольное поле | RU\NLR\BIBL_A\010666186 |
| 005 - ИДЕНТИФИКАТОР ВЕРСИИ | |
| контрольное поле | 20260408060839.0 |
| 035 ## - ДРУГИЕ СИСТЕМНЫЕ НОМЕРА | |
| Идентификатор записи | (NLR Aleph) 010666186 |
| 100 ## - ДАННЫЕ ОБЩЕЙ ОБРАБОТКИ | |
| Данные общей обработки | 20141212d2014 y0rusy50 ca |
| 101 0# - ЯЗЫК РЕСУРСА | |
| Язык текста, звукозаписи и т.д. | русский |
| 102 ## - СТРАНА ПУБЛИКАЦИИ ИЛИ ПРОИЗВОДСТВА | |
| Страна публикации | Российская Федерация |
| 105 ## - ПОЛЕ КОДИРОВАННЫХ ДАННЫХ: ТЕКСТОВЫЕ МАТЕРИАЛЫ, МОНОГРАФИЧЕСКИЕ | |
| Кодированные данные о монографическом текстовом документе | a z 000yy |
| 200 1# - ЗАГЛАВИЕ И СВЕДЕНИЯ ОБ ОТВЕТСТВЕННОСТИ | |
| Основное заглавие | Методическая и научно-практическая работа специалистов учреждений социальной защиты по оказанию помощи нуждающимся семьям и детям в Республике Татарстан |
| Сведения, относящиеся к заглавию | сборник методических, научно-практических материалов и тезисов выступлений |
| Первые сведения об ответственности | М-во труда, занятости и социал. защиты Респ. Татарстан, Гос. авт. учреждение социал. обслуживания Респ. информ.-метод. Центр социал. помощи семье и детям "Гаилэ" |
| Последующие сведения об ответственности | [сост.: Т.Б. Журавлева и др.] |
| 210 ## - ПУБЛИКАЦИЯ, РАСПРОСТРАНЕНИЕ И ДР. | |
| Место издания, распространения и т.д. | Казань |
| Имя издателя, распространителя и т. д. | Отечество |
| Дата издания, распространения и т.д. | 2014 |
| 215 ## - ФИЗИЧЕСКАЯ ХАРАКТЕРИСТИКА | |
| Размеры | 21 |
| 606 ## - НАИМЕНОВАНИЕ ТЕМЫ КАК ПРЕДМЕТ | |
| Наименование темы | Социальная работа с семьей |
| Формальный подзаголовок | Сборники |
| Системный номер авторитетной/нормативной записи | 2198958 |
| Идентификатор авторитетной/нормативной записи | RU\NLR\AUTH\661321480 |
| 606 1# - НАИМЕНОВАНИЕ ТЕМЫ КАК ПРЕДМЕТ | |
| Наименование темы | Социальная защита |
| Формальный подзаголовок | Сборники |
| Географический подзаголовок | Татарстан, Республика |
| Системный номер авторитетной/нормативной записи | 2429363 |
| Идентификатор авторитетной/нормативной записи | RU\NLR\AUTH\661446118 |
| 686 1# - ИНДЕКСЫ ДРУГИХ КЛАССИФИКАЦИЙ | |
| Индекс | С550.537я43 |
| 686 1# - ИНДЕКСЫ ДРУГИХ КЛАССИФИКАЦИЙ | |
| Индекс | У27(2)2(2Р-6Т)я43 |
| 702 #1 - ИМЯ ЛИЦА - ВТОРИЧНАЯ ОТВЕТСТВЕННОСТЬ | |
| Код отношения | Составитель |
| Материалы, к которым относится поле | rus |
| Графика поля | Кириллица |
| Начальный элемент ввода | Журавлева |
| Часть имени, кроме начального элемента ввода | Т. Б. |
| Дополнения к именам, кроме дат | канд. пед. наук |
| Расширение инициалов личного имени | Татьяна Борисовна |
| Идентификатор авторитетной/нормативной записи | RU\NLR\AUTH\7731254 |
| Системный номер авторитетной/нормативной записи | 14264 |
| 712 02 - НАИМЕНОВАНИЕ ОРГАНИЗАЦИИ - ВТОРИЧНАЯ ОТВЕТСТВЕННОСТЬ | |
| Код отношения | Прочие |
| Начальный элемент ввода | "ГАИЛЭ", центр социальной помощи семье и детям |
| Идентифицирующий признак | Казань |
| Идентификатор авторитетной/нормативной записи | RU\NLR\AUTH\8810205003 |
| Системный номер авторитетной/нормативной записи | 297806 |
| 852 ## - МЕСТОНАХОЖДЕНИЕ И ШИФР ХРАНЕНИЯ | |
| Идентификатор организации | NLR |
| Шифр хранения (Call Number) | 2014-3/35524 |
| 942 ## - ДОПОЛНИТЕЛЬНЫЕ ЭЛЕМЕНТЫ ЗАПИСИ (АБИС) | |
| Тип экземпляра АБИС | Книга |
Нет доступных экземпляров.